Variability of Corynespora cassiicola as revealed through molecular analysis (Record no. 72092)

MARC details
000 -LEADER
fixed length control field 00464nam a2200109Ia 4500
100 ## - MAIN ENTRY--AUTHOR NAME
Personal name Roy C B
245 #0 - TITLE STATEMENT
Title Variability of Corynespora cassiicola as revealed through molecular analysis
260 ## - PUBLICATION, DISTRIBUTION, ETC. (IMPRINT)
Name of publisher In: Corynespora leaf disease of Hevea brasiliensis: Strategies for management. (Ed. C. Kuruvilla Jacob). Rubber Research Institute of India, Kottayam, Kerala, pp.33-43.
650 ## - SUBJECT ADDED ENTRY--TOPICAL TERM
Topical Term Molecular analysis
942 ## - ADDED ENTRY ELEMENTS (KOHA)
Koha item type Journals
Holdings
Withdrawn status Lost status Damaged status Not for loan Home library Current library Shelving location Date acquired Koha item type
      Journals RRII Library RRII Library Mycology 17/12/2021 Journals